|
|
|
|
| LEADER |
00000nam a22000005a 4500 |
| 001 |
vtls010286687 |
| 003 |
SK-MaSNL |
| 005 |
20260301031841.0 |
| 008 |
240318s2010 xo a 000 0 slo |
| 015 |
|
|
|a SNBA2011/10-05372
|
| 020 |
|
|
|a 9788071148180
|q (brož.)
|
| 035 |
|
|
|a urn:nbn:sk:snk-am00czc4
|
| 035 |
|
|
|a urn:nbn:sk:snk-am3hgc0
|
| 035 |
|
|
|a 40EBC0E9-4C7F-47C1-923E-FA5AFE9AFF80
|
| 040 |
|
|
|a SNK
|b slo
|c SNK
|e AACR2
|
| 041 |
1 |
|
|a slo
|h eng
|
| 044 |
|
|
|a xo
|c SK
|
| 072 |
|
7 |
|a 2-23/-27
|x Biblia. Biblistika
|2 konspekt
|
| 072 |
|
7 |
|a 821-93
|x Literatúra pre deti a mládež (beletria)
|2 konspekt
|
| 080 |
|
|
|a 27-236.5
|2 2001
|
| 080 |
|
|
|a 27-244.42
|2 2001
|
| 080 |
|
|
|a 27-236
|2 2001
|
| 080 |
|
|
|a 821-93
|2 2001
|
| 080 |
|
|
|a (0:82-32)
|2 2001
|
| 100 |
1 |
|
|a Piper, Sophie
|4 aut
|9 324280
|
| 240 |
1 |
0 |
|a Jonah and the whale
|l Slovensky
|
| 245 |
1 |
0 |
|a Jonáš a veľryba
|c Sophie Piper, Estelle Corke ; [z anglického originálu preložila Monika Masarovičová]
|
| 250 |
|
|
|a 1. vyd.
|
| 260 |
|
|
|a Bratislava
|b Lúč
|c 2010
|
| 300 |
|
|
|a 26 s.
|b fareb. ilustr.
|c 13 cm
|
| 490 |
1 |
|
|a Deťom
|v 95
|
| 600 |
0 |
7 |
|a Jonáš
|c (biblický prorok)
|2 SNKMA
|9 328063
|
| 600 |
0 |
7 |
|a Jonah (Biblical prophet)
|2 SNKMA
|9 319183
|
| 630 |
0 |
7 |
|a Biblia
|p Jonáš
|2 SNKPH
|9 67486
|
| 630 |
0 |
7 |
|a Bible
|p Jonah
|2 SNKPH
|9 165688
|
| 650 |
0 |
7 |
|a biblické postavy
|2 SNKPH
|9 4145
|
| 650 |
0 |
7 |
|a Bible persons
|2 SNKPHeng
|9 276269
|
| 650 |
0 |
7 |
|a biblické udalosti
|2 SNKPH
|9 4157
|
| 650 |
0 |
7 |
|a Biblical events
|2 SNKPHeng
|9 294650
|
| 650 |
0 |
7 |
|a Biblical paraphrases b
|2 SNKPHeng
|9 328064
|
| 650 |
0 |
7 |
|a biblické parafrázy
|2 SNKPH
|9 74940
|
| 650 |
0 |
7 |
|a biblické príbehy
|2 SNKPH
|9 1916
|
| 650 |
0 |
7 |
|a Bible stories
|2 SNKPHeng
|9 276268
|
| 655 |
|
7 |
|a publikácie pre deti
|2 SNKPH
|9 70148
|
| 655 |
|
7 |
|a Children's literature
|2 SNKPHeng
|9 276039
|
| 655 |
|
7 |
|a príbehy
|2 SNKPH
|9 70507
|
| 655 |
|
7 |
|a Stories
|2 SNKPHeng
|9 265785
|
| 700 |
1 |
|
|a Corke, Estelle,
|d 1969-
|4 ill
|9 243381
|
| 700 |
1 |
|
|a Masarovičová, Monika
|4 trl
|9 328062
|
| 830 |
|
0 |
|a Deťom
|9 312506
|
| 919 |
|
|
|a 978-80-7114-818-0
|
| 958 |
|
|
|a OP
|
| 958 |
|
|
|a NT
|
| 958 |
|
|
|a DB
|
| 968 |
|
|
|b ENG
|d 2
|
| 999 |
|
|
|c 577419
|d 579349
|
| 952 |
|
|
|a SNK
|b SNK
|y PREZ
|7 0
|p 17A0705153
|o snkSE 12212
|i snk2011/13932
|8 0
|0 0
|1 0
|4 0
|d 2011-06-17
|f 1
|l 0
|r 2026-02-23 14:38:11
|w 2026-02-23
|
| 952 |
|
|
|a SNK
|b SNK
|y VYP
|7 0
|p 17A0705154
|o snkSE 12212 D1
|i snk2011/13933
|8 0
|0 0
|1 0
|4 0
|d 2011-06-17
|l 0
|r 2026-02-23 14:38:11
|w 2026-02-23
|